000 00233nam a2200097Ia 4500
008 190216s9999||||xx |||||||||||||| ||und||
100 _aRamakrishna Pilla
245 0 _aIntroduction To Statitical Methods
260 _bNull
942 _cBK
999 _c30656
_d30656